| 000 | 00803nam a2200277Ia 4500 | ||
|---|---|---|---|
| 003 | OSt | ||
| 005 | 20221007110505.0 | ||
| 006 | a|||||r|||| 00| 0 | ||
| 007 | ta | ||
| 008 | 221006b |||||||| |||| 00| 0 eng d | ||
| 020 | _a0030408911 | ||
| 024 | _a21,224 | ||
| 037 | _cTextual | ||
| 040 |
_aLCO _cLCO _beng |
||
| 041 |
_2eng _aeng |
||
| 082 | _aY1:45:5, L8 | ||
| 100 |
_aFlynn Edith Elisabeth _9707563 |
||
| 245 | 0 | _aNew and the Old Criminology | |
| 260 |
_aNew _bYork Praeger Publishers U.S.A. _c1978 |
||
| 300 | _a335 | ||
| 500 | _aPublished in Cooperation with the American Society of Criminology | ||
| 650 | _aCRIMINOLOGY | ||
| 700 |
_a Cornad John P. _9707564 |
||
| 942 |
_hY1:45:5, L8 _cTEXL |
||
| 999 |
_c1190787 _d1190787 |
||